| 000 | 00832nam a2200205Ia 4500 | ||
|---|---|---|---|
| 008 | 0000001987 sp a 0000000000spa00 | ||
| 020 | _a843988446X | ||
| 090 | _aPSP00 T67t | ||
| 100 | 1 |
_aTorner, Gustavo _d1925 |
|
| 245 | 1 | 0 |
_aTorner _b: pintura y escultura _c/ fotografías Melli Pérez Madero, Gustavo Torner |
| 300 |
_a[60] p. _c/ 28 cm. |
||
| 500 | _aExposición realizada en Galeria de Arte Soledad Lorenzo, Madrid, Enero Febrero, 1987 \ Con el patronazgo del maestro venezolano Jesús Rafael Soto (q.e.p.d.) | ||
| 600 | 0 | 0 |
_aTORNER, GUSTAVO, 1925/ _xTRABAJOS ARTISTICOS |
| 650 | 1 | 4 | _xCATALOGOS |
| 650 | 1 | 4 | _xEXPOSICIONES |
| 650 | 1 | 4 | _aPINTORES ESPAÑOLES |
| 650 | 1 | 4 | _aPINTURA ESPAÑOLA |
| 700 | 1 | _aPérez Madero, Melli \ Torner, Gustavo, 1925 | |
| 999 |
_c4573 _d4573 |
||
| 260 |
_aMadrid : Galería Soledad Lorenzo _c1987 |
||